1136 1997 1438 1700 1041 1448 1887 1669 1575 1413 1188 1887 1595 1966 1144 1639 1788 1021 1085 1139 1241 1261 1474 1622 1774 1718 1227 1084 1118 1839 1542 1544 1113 1555 1286 1326 1282 1656 1517 1805 1312 1254 1127 1361 1387 1509 1678 1259 1618 1990 1508 1432 1904 1546 1365 1712 1874 1216 1304 1248 1778 1622 1811 1246 1694 1333 1552 1992 1853 1876 1889 1896 1554 1765 1690 1550 1771 1924 1051 1010 1407 1948 1108 1414 1477 1179 1878 1127 1188 1289 1905 1346 1009 1256 1440 1807 1609 1806 1693 BCNSPRNW ULIB Ver.6.0+V

เปลี่ยนเป็นภาษาไทย

Change to English
 แสดงรายละเอียดบรรณานุกรม
  กลับหน้าหลัก

Brief Record : Get Marc (ISO 2709) : E-mail record : QR code < ปิดหน้าต่าง
LEADER : 00000nam 2200000uu 4500
001    13399126859
003     ULIB
008    020711s2562 th a 000 0 tha d
060    ู^aWT31^bส226บ
110    ^aสภาการพยาบาล
245    ^aบทบาทพยาบาลในการจัดการระบบการดูแลสุขภาพกรณีการดูแลระยะยาวสำหรับผู้สูงอายุ
250    ^aพิมพ์ครั้งที่ 1
260    ^aนนทบุรี :^bสภาการพยาบาล,^c2562
300    ^a356 หน้า;^b27 ซม.
650    ^aผู้สูงอายุ
945    ^p0^l0^i005546
999    ^aประนอม เกษจรัล
รายการนี้ยังไม่มีแท็ก
คุณยังไม่ได้ล็อกอิน คุณสามารถมีกิจกรรมร่วมกับเว็บไซต์ได้ แต่ต้องล็อกอินก่อน ::
  ล็อกอิน

รายการสื่อสารสนเทศ

ลำดับที่ ประเภท เลขเรียก/บาร์โค้ด สถานที่ สถานะ
1. วิทยาศาสตร์การแพทย์ และสุขภาพ
หนังสือสำรอง
สถานะ=หนังสือสำรอง
ู WT31 ส226บ ฉ.1 
  Barcode: 005546
ห้องสมุดวิทยาเขตสวรรค์ประชารักษ์
►หนังสือทั่วไป
บนชั้น

รายการใกล้เคียง
    หัวเรื่อง [ผู้สูงอายุ]

BibComment


ยังไม่เคยถูกคอมเมนท์

คอมเมนท์ทรัพยากรรายการนี้
  คอมเมนท์: บทบาทพยาบาลในการ..


 Copyright 2026. Bcnsprnw @Library